Jaderná energie = Nuclear energy

Enregistré dans:
Détails bibliographiques
Format: Publication en série
Publié: 1983
Tags: Ajouter un tag
Pas de tags, Soyez le premier à ajouter un tag!

MARC

LEADER 00000nas a22000003a 4500
001 stu61601
005 20141122004117.2
008 011106s1983----------------------------d
040 |a STU  |b slo 
041 0
245 |a Jaderná energie = Nuclear energy 
260 |c 1983 
500 |a 1983 
500 |a 12 
500 |a c-1382 
500 |a c-1419 
500 |a c-2541 
500 |a 1-12 
773 0 |t Jaderná energie = Nuclear energy  |w stu_us_cat*stu59211  |x 0448-116X  |7 nnas 
996 |c c-1382  |d Roč. 29, 1983  |v Roč. 29  |y 1983  |l EE15  |s P  |a 0  |w stu61601_0002